Learning the principles of plant pathology (Record no. 8808)
[ view plain ]
| 000 -LEADER | |
|---|---|
| fixed length control field | 00264nam a22001217a 4500 |
| 040 ## - CATALOGING SOURCE | |
| Transcribing agency | SY |
| 082 ## - DEWEY DECIMAL CLASSIFICATION NUMBER | |
| Classification number | 632 |
| 100 ## - MAIN ENTRY--AUTHOR NAME | |
| Personal name | LINA L. IIag |
| 245 ## - TITLE STATEMENT | |
| Title | Learning the principles of plant pathology |
| 260 ## - PUBLICATION, DISTRIBUTION, ETC. (IMPRINT) | |
| Place of publication | UPLB |
| Name of publisher | LINA L. IIag |
| Year of publication | 2002 |
| 300 ## - PHYSICAL DESCRIPTION | |
| Number of Pages | 267P. |
| 942 ## - ADDED ENTRY ELEMENTS (KOHA) | |
| Koha item type | សៀវភៅភាសាអង់គ្លេស |
| 952 ## - LOCATION AND ITEM INFORMATION (KOHA) | |
| Withdrawn status [LOCAL, KOHA] | 0 |
| 952 ## - LOCATION AND ITEM INFORMATION (KOHA) | |
| Withdrawn status [LOCAL, KOHA] | 0 |
| 952 ## - LOCATION AND ITEM INFORMATION (KOHA) | |
| Withdrawn status [LOCAL, KOHA] | 0 |
| Permanent Location | Date acquired | Koha item type | Lost status | Shelving location | Barcode | Current Location | Full call number |
|---|---|---|---|---|---|---|---|
| Library Block C | 2016-08-16 | សៀវភៅភាសាអង់គ្លេស | C258 | RUA045998 | Library Block C | 632 LIN 2002 C258 | |
| Library Block C | 2016-08-16 | សៀវភៅភាសាអង់គ្លេស | C258 | RUA045485 | Library Block C | 632 LIN 2002 C258 | |
| Library Block C | 2016-10-05 | សៀវភៅភាសាអង់គ្លេស | RUA045620 | Library Block C | 632 LIN 2002 C233 |